Le Jeu du Raciste (mister V) - Statistiques

Statistiques générales
  • Ce quiz a été pris 43 fois
  • Le résultat moyen est 6 sur 6
Statistiques - réponses
Par images Réponse % Correct
Aikel
100%
Salamata
97%
Aminata
94%
Pierre-Louis
94%
Wesley
94%
Sglublux 3000
86%
Aucun quiz correspondant
Distribution des résultats
% des personnes avec chaque résultat
Percentile par nombre de réponses
Votre historique - résultats
Vous n’avez pas pris ce quiz